00729nam a2200229Ia 450000500170000000800410001702000150005804000180007304100080009108200210009910000200012024500830014025000120022326000700023530000300030565000270033565000350036265000360039765000250043370000200045870000210047820230718140300.0210716s2000 xx 000 0 und d a8173661502 cAIMIT LIBRARY aeng a004.77 21bKAUJ aKauffman, John. aBeginning ASP databases /cBy John Kauffman, Kevin Spencer and Thearon Willis. a1st ed. aNew Delhi :bShroff Publishers and Distributors Pvt Ltd ,c2000. axix,825,5p. ;bPBc24 cm. aSetting up asp and ado aSimple recordsets reading data aMore uses for simple recordsets aRecordset parameters aSpencer, Kevin. aWillis, Thearon.